ბათუმის შოთა რუსთაველის სახელმწიფო უნივერსიტეტის ბიბლიოთეკა

Господарське право України. Загальна частина. Том 1. (ბიბ.ჩანაწერი № 55245)

000 -LEADER
fixed length control field 00751nam a2200241Ia 4500
001 - CONTROL NUMBER
control field 22321
003 - CONTROL NUMBER IDENTIFIER
control field GE_BSU
008 - FIXED-LENGTH DATA ELEMENTS--GENERAL INFORMATION
fixed length control field 181216s||||||||xx |||||||||||||| ||und||
020 ## - INTERNATIONAL STANDARD BOOK NUMBER
International Standard Book Number 9789661380201
040 ## - CATALOGING SOURCE
Transcribing agency GE_BSU
080 ## - UNIVERSAL DECIMAL CLASSIFICATION NUMBER
Universal Decimal Classification number 346.1(=161.2)
100 ## - MAIN ENTRY--PERSONAL NAME
Personal name Апаров А.М., Онищенко О.М.
245 ## - TITLE STATEMENT
Title Господарське право України. Загальна частина. Том 1.
260 ## - PUBLICATION, DISTRIBUTION, ETC.
Place of publication, distribution, etc. Киев
260 ## - PUBLICATION, DISTRIBUTION, ETC.
Name of publisher, distributor, etc. Истина
260 ## - PUBLICATION, DISTRIBUTION, ETC.
Date of publication, distribution, etc. 2016
300 ## - PHYSICAL DESCRIPTION
Extent 452 стр. 30см.
653 ## - INDEX TERM--UNCONTROLLED
Uncontrolled term Господарське право України. Загальна частина. Том 1.
653 ## - INDEX TERM--UNCONTROLLED
Uncontrolled term Право Украины
653 ## - INDEX TERM--UNCONTROLLED
Uncontrolled term სამართალი
942 ## - ADDED ENTRY ELEMENTS (KOHA)
Koha item type წიგნი
ეგზემპლარები
Withdrawn status Lost status Damaged status Not for loan Date acquired Barcode Date last seen Price effective from Koha item type
        2018-12-17 28099 2018-12-17 2018-12-17 წიგნი